000 00861nam0a22002411 4500
001 rc\2852482
005 20250529204730.0
035 _a(NLR Aleph) 007007264
090 _a5779060
_c5779060
100 _a20110706d1932 |||y0rusy50 ca
101 0 _arus
102 _aRU
105 _aa z |||||
200 1 _aПрядильно-ткацкое хлопчатобумажное производство в САСШ
_fМ.К. Рунов
_g[Предисл.: А.Я. Барилович]
210 _aМосква
_aЛенинград
_cГизлегпром
_d1932
_eМосква
_gтип. "Путь Октября"
215 _aОбл., 146, [2] с.
_cил.
_d21х15 см
700 1 _aРунов
_bМ.К.
702 1 _aБарилович
_bА.Я.
_4080
801 0 _aRU
_bNLR
_gpsbo
801 1 _aRU
_bELAR
_2rusmarc
852 _aNLR
_j32-3/1321
942 _cBOOK
980 _aNB